[Event "Skopje op-B"]
[Site "Skopje"]
[Date "2023.12.08"]
[Round "3"]
[White "Kalin, Andrei"]
[Black "Tasci, Onur"]
[Result "0-1"]
[WhiteElo "1631"]
[BlackElo "1987"]
[PlyCount "90"]
[EventDate "2023.12.06"]
[EventType "swiss"]
[EventRounds "9"]
[EventCountry "MKD"]
[SourceTitle "CB51_2023"]
[SourceDate "2023.12.20"]
[SourceVersion "1"]
[SourceVersionDate "2023.12.20"]
[SourceQuality "1"]

1. e4 c5 2. Nf3 e6 3. d4 cxd4 4. Nxd4 Nc6 5. Be3 Nf6 6. f3 d5 7. exd5 Nxd5 8. Nxc6 bxc6 9. Bd2 Qb6 10. Nc3 Qxb2 11. Rb1 Nxc3 12. Rxb2 Nxd1 13. Kxd1 Bd6 14. Bc3 0-0 15. Bd3 e5 16. Be4 Be6 17. Ke2 f5 18. Bd3 Rab8 19. Rxb8 Rxb8 20. a4 g6 21. h3 Kf7 22. Rd1 Bd5 23. Ke1 Bb4 24. Bxb4 Rxb4 25. a5 Ke6 26. Kd2 h5 27. Kc3 c5 28. Ba6 Kd6 29. Bc8 Rc4+ 30. Kb2 Rd4 31. Re1 h4 32. a6 Rb4+ 33. Kc3 Rb8 34. Bb7 Bxb7 35. axb7 Rxb7 36. Ra1 e4 37. fxe4 fxe4 38. Ra6+ Rb6 39. Rxa7 Ke5 40. Kd2 Kf4 41. Re7 Rd6+ 42. Ke2 Rd5 43. Re6 Rg5 44. Rf6+ Kg3 45. Kf1 Rf5+ 0-1

[Event "TUR-chT 2nd League"]
[Site "Denizli"]
[Date "2023.07.14"]
[Round "8.43"]
[White "Tasci, Onur"]
[Black "Apaydin, Fethi"]
[Result "1/2-1/2"]
[WhiteElo "1983"]
[BlackElo "2222"]
[PlyCount "87"]
[EventDate "2023.07.09"]
[EventType "team-swiss"]
[EventRounds "9"]
[EventCountry "TUR"]
[SourceTitle "CBM 215 Extra"]
[Source "ChessBase"]
[SourceDate "2023.09.30"]
[SourceVersion "1"]
[SourceVersionDate "2023.09.30"]
[SourceQuality "1"]
[WhiteTeam "Eskiseh Tasci"]
[BlackTeam "Izmir Apaydin"]
[WhiteTeamCountry "TUR"]
[BlackTeamCountry "TUR"]

1. d4 Nf6 2. g3 g6 3. Bg2 Bg7 4. c4 0-0 5. Nf3 d6 6. Nc3 Nbd7 7. 0-0 e5 8. e4 exd4 9. Nxd4 Re8 10. Re1 Nc5 11. b3 c6 12. Bb2 Qb6 13. Qc2 a5 14. Rad1 a4 15. h3 Nfd7 16. Re3 axb3 17. axb3 Qb4 18. Nce2 Bh6 19. f4 Bg7 20. Kh2 Qb6 21. Nc1 Nf6 22. Rde1 Nfd7 23. Nf3 Bxb2 24. Qxb2 Qb4 25. e5 dxe5 26. fxe5 Nb6 27. Qf2 Be6 28. Nd4 Nbd7 29. Rf1 Re7 30. Bxc6 Rd8 31. Bg2 Qb6 32. Nxe6 fxe6 33. Rf3 Qc7 34. Rf7 Rde8 35. Rxe7 Rxe7 36. b4 Na6 37. Nd3 Qxc4 38. Nf4 Nxb4 39. Bxb7 Qc2 40. Qxc2 Nxc2 41. Nxe6 Ne3 42. Re1 Rxe6 43. Rxe3 Rxe5 44. Rxe5 1/2-1/2

[Event "TUR-chT 2nd League"]
[Site "Denizli"]
[Date "2023.07.11"]
[Round "4.33"]
[White "Tasci, Onur"]
[Black "Ertan, Can"]
[Result "1/2-1/2"]
[WhiteElo "1983"]
[BlackElo "2364"]
[PlyCount "148"]
[EventDate "2023.07.09"]
[EventType "team-swiss"]
[EventRounds "9"]
[EventCountry "TUR"]
[SourceTitle "CBM 215 Extra"]
[Source "ChessBase"]
[SourceDate "2023.09.30"]
[SourceVersion "1"]
[SourceVersionDate "2023.09.30"]
[SourceQuality "1"]
[WhiteTeam "Eskiseh Tasci"]
[BlackTeam "Moda"]
[WhiteTeamCountry "TUR"]
[BlackTeamCountry "TUR"]

1. c4 Nf6 2. g3 e6 3. Bg2 d5 4. Nf3 dxc4 5. Qa4+ Nbd7 6. Qxc4 a6 7. 0-0 b5 8. Qc2 Bb7 9. b3 Bd6 10. Bb2 0-0 11. d3 c5 12. Nbd2 Qc7 13. Rac1 Rac8 14. Ng5 Bxg2 15. Kxg2 Be5 16. Nge4 Qb8 17. Ba3 Rc7 18. Nxf6+ Nxf6 19. Bxc5 Rfc8 20. b4 a5 21. Qb1 Nd5 22. d4 axb4 23. Nf3 Bf6 24. Rce1 Qb7 25. Kg1 Nc3 26. Qxb4 Nxe2+ 27. Rxe2 Qxf3 28. Qxb5 h5 29. Re3 Qd5 30. Qb3 Qd7 31. h4 Bxd4 32. Bxd4 Qxd4 33. Rd3 Qg4 34. Qd1 Qf5 35. Qf3 Qe5 36. Rfd1 Rc1 37. Kg2 Rxd1 38. Rxd1 g6 39. Rd7 Qg7 40. a4 Rc5 41. Qa8+ Kh7 42. Qa7 Rf5 43. Qd4 e5 44. Qb6 Qf8 45. a5 Qa3 46. a6 Qf3+ 47. Kg1 Rf6 48. Rd6 Rxd6 49. Qxd6 e4 50. Qd4 Qa3 51. a7 Qc1+ 52. Kh2 Qa3 53. Kg2 Qa2 54. Kf1 Qa6+ 55. Ke1 Qa2 56. Kd1 Qb3+ 57. Kd2 Qa3 58. Kc2 Qa2+ 59. Kc3 Qa3+ 60. Kc4 Qa5 61. Qc5 Qa6+ 62. Kd5 Qb7+ 63. Kd6 Kg8 64. Qc7 Qa6+ 65. Kd7 Kg7 66. Qe5+ Kh7 67. Qc5 Qb7+ 68. Ke8 Kg7 69. Qd4+ Kg8 70. Kd8 Qc6 71. Qd7 Qa8+ 72. Ke7 Qf8+ 73. Kf6 Qg7+ 74. Ke7 Qf8+ 1/2-1/2

[Event "TUR-chT 2nd League"]
[Site "Konya"]
[Date "2022.08.27"]
[Round "8.6"]
[White "Konduk, Bekir Sami"]
[Black "Tasci, Onur"]
[Result "1-0"]
[WhiteElo "1973"]
[BlackElo "2012"]
[PlyCount "80"]
[EventDate "2022.08.22"]
[EventType "team-swiss"]
[EventRounds "9"]
[EventCountry "TUR"]
[SourceTitle "CBM 210 Extra"]
[Source "ChessBase"]
[SourceDate "2022.11.30"]
[SourceVersion "1"]
[SourceVersionDate "2022.11.30"]
[SourceQuality "1"]
[WhiteTeam "Marmara Universitesi"]
[BlackTeam "Eskiseh Tasci"]
[WhiteTeamCountry "TUR"]
[BlackTeamCountry "TUR"]

1. d4 d5 2. c4 e6 3. Nf3 Nf6 4. g3 c6 5. Bg2 Nbd7 6. Nbd2 Be7 7. 0-0 0-0 8. Qc2 Re8 9. Rd1 Bf8 10. e4 dxc4 11. Nxc4 b5 12. Nce5 Bb7 13. Nxd7 Nxd7 14. Be3 Rc8 15. Rac1 h6 16. Ne1 Qa5 17. Nd3 e5 18. dxe5 c5 19. Bh3 Qc7 20. Nxc5 Nxc5 21. Bxc8 Rxc8 22. b4 Bxe4 23. Qe2 Qc6 24. Bxc5 Bh1 25. Qf1 Qb7 26. Bd6 Rd8 27. Rc7 Qa8 28. h4 f6 29. Kh2 Bf3 30. Re1 fxe5 31. Bxe5 Rd2 32. Bf4 Rxa2 33. Rec1 Qd5 34. Rc8 g5 35. hxg5 hxg5 36. Be3 g4 37. R1c5 Qe6 38. Qc1 Kf7 39. R5c7+ Be7 40. Rxe7+ Kxe7 1-0

[Event "TUR-chT 2nd League"]
[Site "Konya"]
[Date "2022.08.26"]
[Round "7.9"]
[White "Tasci, Onur"]
[Black "Arman, Deniz"]
[Result "0-1"]
[WhiteElo "2012"]
[BlackElo "2298"]
[PlyCount "102"]
[EventDate "2022.08.22"]
[EventType "team-swiss"]
[EventRounds "9"]
[EventCountry "TUR"]
[SourceTitle "CBM 210 Extra"]
[Source "ChessBase"]
[SourceDate "2022.11.30"]
[SourceVersion "1"]
[SourceVersionDate "2022.11.30"]
[SourceQuality "1"]
[WhiteTeam "Eskiseh Tasci"]
[BlackTeam "Istanbul Sisli"]
[WhiteTeamCountry "TUR"]
[BlackTeamCountry "TUR"]

1. e4 c5 2. Nf3 Nc6 3. d4 cxd4 4. Nxd4 Nf6 5. Nc3 e5 6. Nb3 Bb4 7. Bd3 d5 8. exd5 Nxd5 9. Bd2 Nxc3 10. bxc3 Bd6 11. Qh5 g6 12. Qh6 Bf8 13. Qe3 Bg7 14. f4 0-0 15. 0-0 exf4 16. Qxf4 Ne5 17. Rae1 Nxd3 18. cxd3 Qxd3 19. Re7 Be6 20. Nc5 Qd5 21. Be3 Rae8 22. Rxb7 Bc8 23. Rb3 Re5 24. Qf3 Qc4 25. Nb7 Rf5 26. Qd1 Rd5 27. Qc1 Re8 28. Bxa7 Qa6 29. Bd4 Bxb7 30. Bxg7 Kxg7 31. c4 Rd7 32. Qb2+ Kg8 33. Rb6 Qa8 34. c5 Bd5 35. Qb5 Qxa2 36. Qb2 Qxb2 37. Rxb2 Rc7 38. Rc1 Rec8 39. Rb5 Rb7 40. Rxb7 Bxb7 41. Kf2 Bc6 42. Rc2 Re8 43. Kg3 Re5 44. Kf4 f6 45. h4 h5 46. Kg3 Kf7 47. Kf4 Re4+ 48. Kg3 Rg4+ 49. Kh3 Bxg2+ 50. Rxg2 Rxg2 51. Kxg2 Ke6 0-1

[Event "TUR-chT 2nd League"]
[Site "Konya"]
[Date "2019.07.24"]
[Round "4.8"]
[White "Tasci, Onur"]
[Black "Deniz, Medeni"]
[Result "0-1"]
[WhiteElo "2063"]
[BlackElo "1962"]
[PlyCount "74"]
[EventDate "2019.07.22"]
[EventType "team-swiss"]
[EventRounds "9"]
[EventCountry "TUR"]
[SourceTitle "CBM 191 Extra"]
[Source "ChessBase"]
[SourceDate "2019.09.30"]
[SourceVersion "1"]
[SourceVersionDate "2019.09.30"]
[SourceQuality "1"]
[WhiteTeam "Eskiseh Tasci"]
[BlackTeam "Corum Belediye"]
[WhiteTeamCountry "TUR"]
[BlackTeamCountry "TUR"]

1. e4 Nf6 2. Nc3 e5 3. Nf3 Bb4 4. Nxe5 0-0 5. Be2 Re8 6. Nd3 Bxc3 7. dxc3 Nxe4 8. Be3 d5 9. Nf4 c6 10. c4 dxc4 11. Bxc4 Nd6 12. Bb3 Qa5+ 13. c3 Nf5 14. Qh5 Qc7 15. 0-0 Nxe3 16. fxe3 Qe7 17. Nh3 Be6 18. Ng5 h6 19. Nxf7 Bxb3 20. axb3 Nd7 21. Rad1 Qxe3+ 22. Kh1 Re7 23. Nd6 Nf6 24. Qh4 g5 25. Qc4+ Kh7 26. Rf5 Qe6 27. Rf3 Rd8 28. Rg3 Rxd6 29. Rf1 Qe4 30. Qc5 Qe5 31. Qxa7 Ne4 32. Rg4 Rf6 33. Rxf6 Qxf6 34. Kg1 Nxc3 35. h4 Re1+ 36. Kh2 Qe5+ 37. Rg3 Ne2 0-1

[Event "TUR-chT 2nd League"]
[Site "Konya"]
[Date "2018.07.19"]
[Round "6.14"]
[White "Tasci, Onur"]
[Black "Rzayev, Askar Aliakbar"]
[Result "1/2-1/2"]
[WhiteElo "1990"]
[BlackElo "2051"]
[PlyCount "91"]
[EventDate "2018.07.16"]
[EventType "team-swiss"]
[EventRounds "9"]
[EventCountry "TUR"]
[SourceTitle "EXT 2019"]
[Source "ChessBase"]
[SourceDate "2018.10.10"]
[SourceVersion "1"]
[SourceVersionDate "2018.10.10"]
[SourceQuality "1"]
[WhiteTeam "Eskiseh Tasci"]
[BlackTeam "Karaman Yunus Ortaokulu"]
[WhiteTeamCountry "TUR"]
[BlackTeamCountry "TUR"]

1. e4 c6 2. d4 d5 3. e5 c5 4. c3 Nc6 5. Nf3 cxd4 6. cxd4 Bg4 7. Be3 e6 8. Be2 Nge7 9. h3 Bxf3 10. Bxf3 Nf5 11. g4 Nxe3 12. fxe3 Bb4+ 13. Nd2 Qh4+ 14. Ke2 0-0 15. Qe1 Qe7 16. a3 Bxd2 17. Qxd2 f6 18. exf6 Rxf6 19. Rhf1 Raf8 20. Bg2 Qd6 21. Rxf6 Rxf6 22. Rf1 Kf7 23. Qe1 Rxf1 24. Qxf1+ Ke7 25. Qe1 Kd7 26. Qf2 Qe7 27. e4 dxe4 28. Bxe4 h6 29. Kd3 Qg5 30. Bxc6+ Kxc6 31. Qc2+ Kd6 32. Qa4 Qd5 33. Qxa7 Qb3+ 34. Ke4 Qd5+ 35. Kd3 Qb3+ 36. Ke4 Qc2+ 37. Ke3 Qxb2 38. Qc5+ Kd7 39. Qf8 Qc3+ 40. Ke4 Qc2+ 41. Ke3 Qg6 42. Qb4 Qg5+ 43. Kd3 Qd5 44. Qf8 Qb5+ 45. Kc3 Qc6+ 46. Kd3 1/2-1/2

[Event "TUR-chT 2nd League"]
[Site "Konya"]
[Date "2017.07.22"]
[Round "8.4"]
[White "Tasci, Onur"]
[Black "Arman, Deniz"]
[Result "1-0"]
[WhiteElo "1989"]
[BlackElo "2273"]
[PlyCount "137"]
[EventDate "2017.07.17"]
[EventType "team-swiss"]
[EventRounds "9"]
[EventCountry "TUR"]
[SourceTitle "CBM 179 Extra"]
[Source "ChessBase"]
[SourceDate "2017.08.23"]
[SourceVersion "1"]
[SourceVersionDate "2017.08.23"]
[SourceQuality "1"]
[WhiteTeam "Eskiseh Tasci"]
[BlackTeam "Istanbul Moda"]
[WhiteTeamCountry "TUR"]
[BlackTeamCountry "TUR"]

1. e4 c5 2. Nf3 d6 3. d4 cxd4 4. Nxd4 Nf6 5. Nc3 g6 6. Be3 Bg7 7. f3 0-0 8. Qd2 Nc6 9. 0-0-0 d5 10. Qe1 e5 11. Nxc6 bxc6 12. Bc5 d4 13. Bxf8 Qxf8 14. Na4 Be6 15. Qa5 Nd7 16. c4 Rb8 17. Bd3 Bf6 18. Qd2 Qd8 19. g3 Be7 20. a3 Bg5 21. f4 Bh6 22. h4 exf4 23. gxf4 Ne5 24. Be2 Bxc4 25. Bxc4 Nxc4 26. Qxd4 Bxf4+ 27. Kb1 Nd2+ 28. Rxd2 Bxd2 29. Qc4 Qe7 30. h5 Re8 31. Nc5 Be3 32. hxg6 h6 33. Rf1 Rf8 34. Nd3 Kg7 35. gxf7 Rxf7 36. Re1 Bd2 37. Rg1+ Bg5 38. Qxc6 Qf6 39. Qd5 Re7 40. Re1 Bd2 41. Rd1 Be3 42. e5 Qf5 43. Qg2+ Kh7 44. Qg3 Bd4 45. Qh4 Rd7 46. e6 Qxe6 47. Nb4 Qf5+ 48. Ka2 Qf7+ 49. Kb1 Qg6+ 50. Nc2 Rc7 51. Qxd4 Qxc2+ 52. Ka1 Qf5 53. Rg1 Rd7 54. Qc3 Rf7 55. Qg3 Qg5 56. Qxg5 hxg5 57. Rxg5 Rg7 58. Rxg7+ Kxg7 59. Ka2 Kf6 60. Kb3 Ke5 61. Kc4 Kd6 62. Kb5 Kc7 63. Ka6 Kb8 64. a4 Ka8 65. a5 Kb8 66. b3 Ka8 67. b4 Kb8 68. b5 Ka8 69. b6 1-0

[Event "TUR-chT 2nd League"]
[Site "Konya"]
[Date "2017.07.18"]
[Round "3.13"]
[White "Usluoglu, Servet"]
[Black "Tasci, Onur"]
[Result "1/2-1/2"]
[WhiteElo "1772"]
[BlackElo "1989"]
[PlyCount "182"]
[EventDate "2017.07.17"]
[EventType "team-swiss"]
[EventRounds "9"]
[EventCountry "TUR"]
[SourceTitle "CBM 179 Extra"]
[Source "ChessBase"]
[SourceDate "2017.08.23"]
[SourceVersion "1"]
[SourceVersionDate "2017.08.23"]
[SourceQuality "1"]
[WhiteTeam "Mardin Kale"]
[BlackTeam "Eskiseh Tasci"]
[WhiteTeamCountry "TUR"]
[BlackTeamCountry "TUR"]

1. e4 g6 2. d3 Bg7 3. c3 Nf6 4. f4 0-0 5. Nf3 d6 6. g3 c5 7. Nbd2 Nc6 8. Bg2 e5 9. fxe5 dxe5 10. Nc4 Qe7 11. 0-0 b5 12. Ne3 Bb7 13. Nh4 Rfd8 14. Qe2 h6 15. b3 b4 16. Bb2 bxc3 17. Bxc3 Nd4 18. Bxd4 cxd4 19. Nc4 Ba6 20. Rac1 h5 21. h3 Rdc8 22. Rcd1 Rc7 23. Kh2 Rac8 24. Rf2 Ne8 25. Rdf1 Nd6 26. Nf3 Bb5 27. h4 Ne8 28. Bh3 Bd7 29. Ng5 Nf6 30. Bxd7 Rxd7 31. Kh1 Rf8 32. Qb2 Qe8 33. Rxf6 Bxf6 34. Rxf6 Qe7 35. Rf1 f6 36. Nf3 Qe6 37. Kg2 Rb8 38. Qa3 Kg7 39. Qa5 a6 40. Qc5 Kh7 41. Qa3 Kg7 42. Rc1 Rb5 43. Ncd2 Rb8 44. Rc5 Kh7 45. Qc1 Qd6 46. Qc4 Kg7 47. Rd5 Qe6 48. Rxd7+ Qxd7 49. Qxa6 Re8 50. Nc4 Re6 51. Qa5 Re7 52. Qc5 Re8 53. a4 Rf8 54. Nb6 Qg4 55. Nd5 Rf7 56. Qc6 g5 57. Qc2 Kh7 58. Qd2 Kg6 59. a5 Rg7 60. a6 Qe6 61. hxg5 Kf7 62. Nxf6 Qxa6 63. Nxe5+ Ke7 64. Qb4+ Ke6 65. Qc4+ Qxc4 66. Nxc4 Rxg5 67. e5 h4 68. g4 Rg7 69. Kh3 Rb7 70. Ne4 Kd5 71. Kxh4 Rxb3 72. Nf2 Ke6 73. Kg3 Rb1 74. Ne4 Rd1 75. Kf2 Kd5 76. Ke2 Rg1 77. Nf6+ Ke6 78. Kf3 Re1 79. Ne4 Rg1 80. Ng5+ Kd5 81. Kf4 Rf1+ 82. Kg3 Rd1 83. Nb6+ Kxe5 84. Nf3+ Ke6 85. Nxd4+ Kf7 86. Kf4 Rxd3 87. Nf5 Rd1 88. Nc4 Rf1+ 89. Kg5 Rg1 90. Ne5+ Ke6 91. Nf3 Rxg4+ 1/2-1/2

[Event "Wch U16"]
[Site "Durban"]
[Date "2014.09.21"]
[Round "3"]
[White "Tasci, Onur"]
[Black "Conradie, Andre"]
[Result "1-0"]
[WhiteElo "2028"]
[BlackElo "1748"]
[PlyCount "77"]
[EventDate "2014.09.20"]
[EventType "swiss"]
[EventRounds "11"]
[EventCountry "RSA"]
[SourceTitle "CBM 162 Extra"]
[Source "ChessBase"]
[SourceDate "2014.10.17"]
[SourceVersion "1"]
[SourceVersionDate "2014.10.17"]
[SourceQuality "1"]

1. e4 c6 2. d4 d5 3. Nc3 dxe4 4. Nxe4 Nd7 5. Nf3 Ngf6 6. Bd3 Nxe4 7. Bxe4 Nf6 8. Bd3 e6 9. c3 Qc7 10. Qe2 Bd6 11. 0-0 b6 12. Ne5 Bb7 13. Re1 Bxe5 14. dxe5 Nd5 15. a4 a5 16. Bd2 c5 17. b4 Rc8 18. bxa5 bxa5 19. Qg4 g6 20. Bh6 c4 21. Bf1 Ne7 22. Bg7 Rg8 23. Bf6 Nd5 24. Bg5 h5 25. Qh4 Ne7 26. Rad1 Bd5 27. Qf4 Nf5 28. Rb1 Kd7 29. Red1 Qc6 30. Rb5 Kc7 31. Rxa5 Ra8 32. Rb5 Rxa4 33. Rdb1 Rga8 34. Qc1 Ra1 35. R5b4 Rxb1 36. Qxb1 Ra6 37. h3 Rb6 38. Rxb6 Qxb6 39. Bd8+ 1-0

[Event "Kemer Turkey Cup"]
[Site "Kemer"]
[Date "2014.02.08"]
[Round "9"]
[White "Tasci, Onur"]
[Black "Karagollu, Ahmet"]
[Result "1-0"]
[WhiteElo "1867"]
[BlackElo "2077"]
[PlyCount "63"]
[EventDate "2014.02.01"]
[EventType "swiss"]
[EventRounds "9"]
[EventCountry "TUR"]
[SourceTitle "CBM 158 Extra"]
[Source "ChessBase"]
[SourceDate "2014.02.28"]
[SourceVersion "1"]
[SourceVersionDate "2014.02.28"]
[SourceQuality "1"]

1. e4 e5 2. Nf3 Nc6 3. d4 exd4 4. Nxd4 Qh4 5. Nc3 Bb4 6. Be2 Bxc3+ 7. bxc3 Qxe4 8. Nb5 Kd8 9. 0-0 Nf6 10. Bg5 Re8 11. Bd3 Qd5 12. Qh5 Ne5 13. Qh4 Nxd3 14. Bxf6+ gxf6 15. Qxf6+ Re7 16. Qh8+ Re8 17. Qxe8+ Kxe8 18. Nxc7+ Kf8 19. Nxd5 Nc5 20. Nc7 Rb8 21. Rfe1 Ne6 22. Nb5 a6 23. Nd6 Ke7 24. Rad1 b5 25. f4 f5 26. Nxf5+ Kf6 27. Nd6 Bb7 28. Nxb7 Rxb7 29. Rd6 Rc7 30. Re3 Rc4 31. Rxd7 Nc5 32. Rc7 1-0

[Event "Kemer Turkey Cup"]
[Site "Kemer"]
[Date "2014.02.05"]
[Round "6"]
[White "Ozalp, Burak"]
[Black "Tasci, Onur"]
[Result "0-1"]
[WhiteElo "2034"]
[BlackElo "1867"]
[PlyCount "76"]
[EventDate "2014.02.01"]
[EventType "swiss"]
[EventRounds "9"]
[EventCountry "TUR"]
[SourceTitle "CBM 158 Extra"]
[Source "ChessBase"]
[SourceDate "2014.02.28"]
[SourceVersion "1"]
[SourceVersionDate "2014.02.28"]
[SourceQuality "1"]

1. b3 Nf6 2. Bb2 e6 3. f4 b6 4. Nf3 Bb7 5. e3 Be7 6. Be2 0-0 7. 0-0 d6 8. Qe1 Nbd7 9. h3 Nd5 10. Nc3 Bf6 11. Bd3 Nb4 12. Qe2 Nxd3 13. Qxd3 e5 14. Ne4 Bxe4 15. Qxe4 Nc5 16. Qd5 exf4 17. Bxf6 Qxf6 18. Nh2 Rae8 19. Ng4 Qb2 20. Rae1 Qxc2 21. Rxf4 Qd3 22. Qh5 f5 23. Rd4 Qxd4 24. exd4 Rxe1+ 25. Kh2 Ne4 26. Qh4 Re2 27. Ne3 Nxd2 28. Qf4 Rxe3 29. Qf2 Rd3 30. Qe2 Rxd4 31. Qe6+ Kh8 32. Qe7 Rg8 33. Qxc7 f4 34. Qxa7 Nf1+ 35. Kg1 Ng3 36. Kf2 Re8 37. Qf7 Re2+ 38. Kf3 h5 0-1

[Event "Kemer Turkey Cup"]
[Site "Kemer"]
[Date "2014.02.04"]
[Round "5"]
[White "Tasci, Onur"]
[Black "Ozenir, Ekin Baris"]
[Result "1-0"]
[WhiteElo "1867"]
[BlackElo "1702"]
[PlyCount "57"]
[EventDate "2014.02.01"]
[EventType "swiss"]
[EventRounds "9"]
[EventCountry "TUR"]
[SourceTitle "CBM 158 Extra"]
[Source "ChessBase"]
[SourceDate "2014.02.28"]
[SourceVersion "1"]
[SourceVersionDate "2014.02.28"]
[SourceQuality "1"]

1. e4 c5 2. Nf3 d6 3. d4 cxd4 4. Nxd4 Nf6 5. Nc3 g6 6. Be3 Bg7 7. Bc4 0-0 8. f3 Nc6 9. Qd2 Bd7 10. g4 Rb8 11. h4 h5 12. gxh5 Nxh5 13. Rg1 b5 14. Bb3 Ne5 15. 0-0-0 a5 16. f4 Ng4 17. f5 Nxe3 18. Qxe3 Kh7 19. Bxf7 Rxf7 20. fxg6+ Kh8 21. gxf7 Qf8 22. Qf3 Nf6 23. Nf5 Bxf5 24. Qxf5 Qxf7 25. Qg6 Qf8 26. Nd5 Nxd5 27. Rxd5 Rc8 28. Rh5+ Kg8 29. Qh7+ 1-0

[Event "Kemer Turkey Cup"]
[Site "Kemer"]
[Date "2014.02.03"]
[Round "4"]
[White "Kerem, Halil Ozgun"]
[Black "Tasci, Onur"]
[Result "1/2-1/2"]
[WhiteElo "1628"]
[BlackElo "1867"]
[PlyCount "188"]
[EventDate "2014.02.01"]
[EventType "swiss"]
[EventRounds "9"]
[EventCountry "TUR"]
[SourceTitle "CBM 158 Extra"]
[Source "ChessBase"]
[SourceDate "2014.02.28"]
[SourceVersion "1"]
[SourceVersionDate "2014.02.28"]
[SourceQuality "1"]

1. Nf3 Nf6 2. c4 e6 3. d4 d5 4. Nc3 Be7 5. cxd5 exd5 6. Qc2 0-0 7. Bf4 Nh5 8. Bd2 b6 9. e4 dxe4 10. Qxe4 c6 11. Bd3 Nf6 12. Qh4 Ba6 13. Bxa6 Nxa6 14. 0-0 Re8 15. Qh3 Nb4 16. Rad1 Qc7 17. Qf5 Nbd5 18. Nxd5 Nxd5 19. Rc1 Bd6 20. Rfe1 Rad8 21. h3 h6 22. Ne5 c5 23. Ng4 Rxe1+ 24. Rxe1 Bf8 25. dxc5 Qxc5 26. Be3 Nxe3 27. Nxe3 Rd2 28. Qxc5 Bxc5 29. Rb1 Bxe3 30. fxe3 Re2 31. Kf1 Rxe3 32. Rc1 Re7 33. Rc8+ Kh7 34. b4 Kg6 35. a4 Re4 36. Ra8 Rxb4 37. Rxa7 Rb2 38. Rb7 Rb4 39. Ra7 f5 40. a5 bxa5 41. Rxa5 Rb2 42. Ra7 Kf6 43. Kg1 g6 44. Ra6+ Kg5 45. Ra5 Kh4 46. Ra4+ Kg5 47. Ra5 Rb6 48. Kf2 Kf6 49. h4 g5 50. hxg5+ Kxg5 51. g3 Rb4 52. Ra8 Rb6 53. Ra4 h5 54. Kf3 Re6 55. Ra8 Rg6 56. Ra4 Rb6 57. Ra8 Rb3+ 58. Kg2 Rb7 59. Ra4 Re7 60. Kf3 Re4 61. Ra8 h4 62. gxh4+ Rxh4 63. Rg8+ Kf6 64. Rf8+ Kg6 65. Rg8+ Kf7 66. Rg3 Ra4 67. Kf2 Kf6 68. Rb3 Ke5 69. Ke2 Kf4 70. Kf2 Ra2+ 71. Kf1 Kg4 72. Rb4+ f4 73. Rb3 Rc2 74. Ra3 Rc7 75. Kf2 Re7 76. Rb3 Rh7 77. Kg2 Rh8 78. Ra3 Rb8 79. Rc3 Rd8 80. Ra3 Re8 81. Kf2 Rb8 82. Kg2 Rb4 83. Rc3 Re4 84. Kf2 Re8 85. Ra3 Rh8 86. Kg2 Rb8 87. Rc3 Rb2+ 88. Kf1 Rh2 89. Kg1 Re2 90. Kf1 Re3 91. Rxe3 fxe3 92. Ke2 Kf4 93. Ke1 Ke4 94. Ke2 Ke5 1/2-1/2

[Event "Kemer Turkey Cup"]
[Site "Kemer"]
[Date "2014.02.01"]
[Round "1"]
[White "Tasci, Onur"]
[Black "Dogan, Nazmi Can"]
[Result "1/2-1/2"]
[WhiteElo "1867"]
[BlackElo "2129"]
[PlyCount "49"]
[EventDate "2014.02.01"]
[EventType "swiss"]
[EventRounds "9"]
[EventCountry "TUR"]
[SourceTitle "CBM 158 Extra"]
[Source "ChessBase"]
[SourceDate "2014.02.28"]
[SourceVersion "1"]
[SourceVersionDate "2014.02.28"]
[SourceQuality "1"]

1. e4 c5 2. Nf3 e6 3. d4 cxd4 4. Nxd4 Nf6 5. Nc3 Nc6 6. Be2 Bb4 7. Qd3 d5 8. exd5 Nxd5 9. Nxc6 bxc6 10. Bd2 0-0 11. Ne4 Rb8 12. c3 Be7 13. b3 f5 14. Ng3 Qc7 15. 0-0 e5 16. Rfe1 Be6 17. Rad1 e4 18. Qb1 Nf4 19. Bf1 Rbd8 20. Nxe4 fxe4 21. Qxe4 Bc5 22. Bxf4 Qxf4 23. Kh1 Bxf2 24. Qxe6+ Kh8 25. g3 1/2-1/2

[Event "Bursa op 07"]
[Site "Bursa"]
[Date "2011.07.16"]
[Round "2"]
[White "Tasci, Onur"]
[Black "Rzayev, Askar Aliakbar"]
[Result "0-1"]
[WhiteElo "1646"]
[BlackElo "2038"]
[PlyCount "76"]
[EventDate "2011.07.15"]
[EventType "swiss"]
[EventRounds "7"]
[EventCountry "TUR"]
[SourceTitle "EXT 2012"]
[Source "ChessBase"]
[SourceDate "2011.11.24"]
[SourceVersion "1"]
[SourceVersionDate "2011.11.24"]
[SourceQuality "1"]

1. e4 d5 2. exd5 Nf6 3. d4 Bg4 4. Be2 Bxe2 5. Nxe2 Nxd5 6. 0-0 e6 7. c4 Nf6 8. Nbc3 Be7 9. Qc2 0-0 10. Bf4 c6 11. Rfd1 Qa5 12. h3 Nbd7 13. Rac1 e5 14. Bg3 exd4 15. Nxd4 Rfe8 16. Nf5 Bf8 17. Nd6 Bxd6 18. Rxd6 Qg5 19. Rcd1 Ne5 20. b3 Ng6 21. Qd2 Qf5 22. Qd3 Qh5 23. Qd4 h6 24. f3 Qg5 25. Qf2 Nh5 26. Bh2 Nhf4 27. Kh1 f5 28. Qg3 Re7 29. Qxg5 hxg5 30. Rd7 Rae8 31. Bg3 Re3 32. Na4 Re2 33. Rxb7 Nxg2 34. Rdd7 R8e7 35. Rxe7 Nxe7 36. Rxa7 f4 37. Bh2 Nh4 38. Bg1 Nhf5 0-1